000 00440cam a22001574a 4500
005 20250605164354.0
008 250528s ||||||||||||||||||||||||d
035 _a24244
040 _aGR-AtMCL
_bgre
_dGR-AtMCL
_eAACR2
245 1 _aEradicating Poverty / 1996 International Year for the Eradication of Poverty
260 _c1996
710 2 _aUnd Action Against Poverty
_99831
942 _cCR
999 _c9135
_d9135